[Event "Lions Cup Rotterdam"]
[Site "SchemingMind.com"]
[Date "2013.09.14"]
[Round "-"]
[White "Orange Lion"]
[Black "A330"]
[Result "1-0"]
[WhiteCountry "NED"]
[BlackCountry "ENG"]
[WhiteElo "2455"]
[WhiteRD "97"]
[BlackElo "2067"]
[BlackRD "66"]
[GameID "338337"]

1. c4 Nf6 2. Nc3 d5 3. d4 g6 4. cxd5 Nxd5 5. e4 Nxc3 6. bxc3 Bg7 7. Nf3 c5 8. Rb1 O-O 9. Be2 cxd4 10. cxd4 Qa5+
11. Bd2 Qxa2 12. O-O Bg4 13. Bg5 h6 14. Be3 b6 15. Ra1 Qe6 16. h3 Bxf3 17. Bxf3 a5 18. e5 Ra7 19. Qb1 Rc7 20. Qb5 Rc3
21. Rab1 g5 22. Rfc1 Rxc1+ 23. Rxc1 Rd8 24. Rc7 f5 25. Bd1 Kh8 26. Bb3 Qg6 27. Rxe7 f4 28. Bd2 f3 29. Rc7 Qb1+ 30. Rc1 Qb2
31. Be3 Nd7 32. Qd5 fxg2 33. e6
1-0

[Event "Lions Cup Rotterdam"]
[Site "SchemingMind.com"]
[Date "2013.09.14"]
[Round "-"]
[White "Ilang"]
[Black "Orange Lion"]
[Result "1/2-1/2"]
[WhiteCountry "HUN"]
[BlackCountry "NED"]
[WhiteElo "2372"]
[WhiteRD "73"]
[BlackElo "2379"]
[BlackRD "110"]
[GameID "338339"]

1. d4 Nf6 2. c4 e6 3. Nf3 b6 4. g3 Ba6 5. Qa4 Bb7 6. Bg2 c5 7. dxc5 Bxc5 8. O-O O-O 9. Nc3 a5 10. Bf4 d6
11. Rad1 Qe7 12. Ne1 Bxg2 13. Kxg2 Rd8 14. Nd3 h6 15. Nxc5 bxc5 16. Nb5 e5 17. Be3 Na6 18. f3 Nc7 19. Nxc7 Qxc7 20. Bd2 Qb7
21. Qc2 Qa6 22. e4 Nd7=
1/2-1/2

[Event "Lions Cup Rotterdam"]
[Site "SchemingMind.com"]
[Date "2013.09.14"]
[Round "-"]
[White "michel"]
[Black "Orange Lion"]
[Result "0-1"]
[WhiteCountry "CAN"]
[BlackCountry "NED"]
[WhiteElo "2173"]
[WhiteRD "59"]
[BlackElo "2426"]
[BlackRD "101"]
[GameID "338340"]

1. e4 c5 2. Nf3 Nc6 3. Bb5 e6 4. O-O Nge7 5. Re1 a6 6. Bxc6 Nxc6 7. d4 cxd4 8. Nxd4 Qc7 9. Nxc6 bxc6 10. e5 d5
11. c4 Rb8 12. Qg4 h5 13. Qg5 Qd8 14. Qf4 Be7 15. Qg3 Kf8 16. h3 Kg8 17. Nc3 h4 18. Qf3 g6 19. b3 Rh5 20. Bf4 Rf5
21. Ne2 g5 22. Qg4 c5 23. Bh2 d4 24. Nf4 a5 25. Nd3= a4 26. Rab1 Bb7 27. Bf4 Ra8 28. Re2 axb3 29. Rxb3 Qc7 30. Reb2= Ba6
31. Rc2 Qc6 32. Bc1 Kg7 33. Qe2 Qa4 34. Ra3 Qc6 35. f3 Qc8 36. Rb3 Bb7 37. Rcb2 Bc6 38. Nf2 Ra4 39. Rc2= Qc7 40. Ng4 Bd8
41. Rcb2 Qd7 42. Qd3= Qa7 43. Rc2 Bc7 44. Re2 Qa6
0-1

[Event "Lions Cup Rotterdam"]
[Site "SchemingMind.com"]
[Date "2013.09.14"]
[Round "-"]
[White "NYNH"]
[Black "Orange Lion"]
[Result "0-1"]
[WhiteCountry "USA"]
[BlackCountry "NED"]
[WhiteElo "1947"]
[WhiteRD "68"]
[BlackElo "2426"]
[BlackRD "101"]
[GameID "338341"]

1. d4 Nf6 2. c4 e6 3. g3 c5 4. d5 exd5 5. cxd5 d6 6. Nc3 g6 7. Bg2 Bg7 8. Nf3 O-O 9. O-O a6 10. a4 Nbd7
11. Nd2 Re8 12. h3 Rb8 13. Nc4 Ne5 14. Na3 b6 15. f4 Ned7 16. e4 c4 17. Nxc4 Qc7 18. Nd2 b5 19. axb5 axb5 20. Nb3 b4
21. Ne2 Nxe4 22. Kh2 Bb7 23. Qd3 Nec5 24. Nxc5 Nxc5 25. Qc4 Qc8 26. Bf3 Ba6 27. Qc2 Bxe2 28. Bxe2 Nb3 29. Qxb3 Rxe2+ 30. Kg1 Qxh3
0-1

[Event "Lions Cup Rotterdam"]
[Site "SchemingMind.com"]
[Date "2013.09.19"]
[Round "-"]
[White "ironchefnorse"]
[Black "Orange Lion"]
[Result "1/2-1/2"]
[WhiteCountry "USA"]
[BlackCountry "NED"]
[WhiteElo "2478"]
[WhiteRD "94"]
[BlackElo "2455"]
[BlackRD "97"]
[GameID "338342"]

1. d4 Nf6 2. c4 e6 3. Nf3 b6 4. g3 Ba6 5. b3 Bb4+ 6. Bd2 Be7 7. Nc3 O-O 8. Bg2 d5 9. cxd5 Nxd5 10. Nxd5 exd5
11. O-O Nd7 12. Rc1 Re8 13. Re1 Ba3 14. Rb1 Be7 15. Rc1 Bb7 16. b4 Nf6 17. Qb3 Bd6 18. a4 Ne4 19. Bf4 Bxf4 20. gxf4 f6=
21. Rc2 Kh8 22. Nd2 Re7 23. Rec1 a5 24. b5 Qd6 25. Nxe4 dxe4 26. Qh3 Rf8 27. e3 f5 28. Bf1 Rf6 29. Qh5 h6 30. Rc3 Kh7
31. Bc4 g6 32. Qh4 Rg7 33. Qg3 Qb4 34. Kh1 c6 35. Qh3 Qd6=
1/2-1/2

[Event "Lions Cup Rotterdam"]
[Site "SchemingMind.com"]
[Date "2013.09.14"]
[Round "-"]
[White "A330"]
[Black "Orange Lion"]
[Result "0-1"]
[WhiteCountry "ENG"]
[BlackCountry "NED"]
[WhiteElo "2067"]
[WhiteRD "66"]
[BlackElo "2455"]
[BlackRD "97"]
[GameID "338344"]

1. e4 c5 2. Nf3 Nc6 3. Bb5 e6 4. Bxc6 bxc6 5. O-O Ne7 6. b3 Ng6 7. Bb2 f6 8. d4 cxd4 9. Nxd4 Bb7 10. f4 Bc5
11. f5 e5 12. fxg6 hxg6 13. Rf2 d5 14. Qg4 exd4 15. Qxg6+ Kf8 16. e5 Qc7 17. Nd2 Qxe5 18. Nf3 Qe4 19. Qxe4 dxe4 20. Nxd4 Kf7
21. Re1 Bb6 22. c4 Rad8 23. c5 Bxc5 24. Rxe4 Bb6 25. Rfe2 Rd7 26. b4 Rhd8 27. Kf1 c5 28. bxc5 Bxc5 29. Re6 Rxd4 30. Bxd4 Rxd4
31. Ke1 Bxg2 32. Re8 Bf3
0-1